000 00442 a2200157 4500
005 20260429144959.0
008 260427b |||||||| |||| 00| 0 eng d
020 _a9789359597553
080 _aFM
_bTHA/R
100 _aThampi,P.V
245 _aRekthapushpanjali(രക്തപുഷ്പാഞ്ജലി)
260 _bManorama books
_aKottayam
_c2025
300 _a216p.
653 _aFiction-Novel-Malayalam Literature
942 _cBK
999 _c116165
_d116164